Weirdest Movie Titles Quiz - Statistics

General Stats
  • This quiz has been taken 38 times
  • The average score is 6 of 15
Answer Stats
Year Movie Actor Actor % Correct
1991 The Silence of the Lambs Anthony Hopkins Jodie Foster
81%
2004 Eternal Sunshine of the Spotless Mind Jim Carrey Kate Winslet
78%
2022 Everything Everywhere All at Once Michelle Yeoh Ke Huy Quan
69%
1975 One Flew Over the Cuckoo's Nest Jack Nicholson Danny DeVito
58%
2007 No Country For Old Men Javier Bardem Tommy Lee Jones
53%
2000 O Brother, Where Art Thou? George Clooney John Turturro
44%
2011 The Girl With the Dragon Tattoo Daniel Craig Rooney Mara
42%
1999 Austin Powers: The Spy Who Shagged Me Mike Myers Mike Myers
39%
2019 Once Upon a Time in Hollywood Leonardo DiCaprio Margot Robbie
33%
1993 So I Married an Axe Murderer Mike Myers Nancy Travis
28%
1964 Dr. Strangelove or: How I Learned to Stop Worrying and Love the Bomb Peter Sellers George C. Scott
19%
1997 I Know What You Did Last Summer Freddie Prinze Jr. Sarah Michelle Gellar
19%
2000 How the Grinch Stole Christmas Jim Carrey Kelley
11%
2011 We Need to Talk About Kevin Tilda Swinton Ezra Miller
8%
2018 The House With a Clock in Its Walls Jack Black Cate Blanchett
6%
No matching quizzes found
Score Distribution
Percent of People with Each Score
Percentile by Number Answered
Your Score History
You have not taken this quiz